|
|
|
|
| LEADER |
00000nta a2200000 i 4500 |
| 001 |
dolg30320 |
| 005 |
20210326071545.0 |
| 008 |
210326s2008 hu om 000 hun d |
| 040 |
|
|
|a BGE Dolgozattár Repozitórium
|b hun
|
| 041 |
|
|
|a hu
|
| 100 |
1 |
|
|a Bátyai Dóra
|
| 245 |
1 |
2 |
|a A wellness jelentősége a civilizációs betegségek megelőzése, valamint a gazdaság - különös tekintettel a turizmus - szempontjából, globálisan és Magyarországon
|c Bátyai Dóra
|h [elektronikus dokumentum]
|
| 260 |
|
|
|c 2008
|
| 695 |
|
|
|a Turizmusmarketing
|
| 695 |
|
|
|a Egészségturizmus
|
| 700 |
1 |
|
|a Nincs adat Nincs adat
|e ths
|
| 856 |
4 |
0 |
|u http://dolgozattar.uni-bge.hu/30320/1/D_13657.pdf
|z Dokumentum-elérés
|